Los pasos perdidos
Historia sobref un músico que se embarca en un viaje a una selva venezolana en búsqueda de instrumentos primitivos utilizados por otras culturas. Este relato presenta una connotación existencialista del viaje y la persecución de una razón de vida, así como el encuentro de sentimientos que invitan a...
Na minha lista:
| Autor principal: | |
|---|---|
| Formato: | Livro |
| Idioma: | Undetermined |
| Publicado em: |
Barcelona, España
Bruguera
1985
|
| Edição: | 7 |
| Assuntos: | |
| Tags: |
Adicionar Tag
Sem tags, seja o primeiro a adicionar uma tag!
|
MARC
| LEADER | 00000nam a2200000Ia 4500 | ||
|---|---|---|---|
| 008 | 170316s9999 xx 000 0 und d | ||
| 040 | |a cru BVZT | ||
| 090 | |a 860 C-17p | ||
| 100 | |a Carpentier, Alejo |9 1357 | ||
| 245 | |a Los pasos perdidos | ||
| 250 | |a 7 | ||
| 260 | |a Barcelona, España | ||
| 260 | |b Bruguera | ||
| 260 | |c 1985 | ||
| 300 | |a 281 páginas | ||
| 520 | |a Historia sobref un músico que se embarca en un viaje a una selva venezolana en búsqueda de instrumentos primitivos utilizados por otras culturas. Este relato presenta una connotación existencialista del viaje y la persecución de una razón de vida, así como el encuentro de sentimientos que invitan a la reflexión | ||
| 650 | |a LITERATURA LATINOAMERICANA |9 15 | ||
| 999 | |c 8495 |d 8495 | ||
| 942 | |c 15 D |h 860 C-17p |2 z | ||
